=LDR 00000nam 2200000 4500 =001 INLIS000000000037035 =005 20130612142802 =008 ***********************************Ind** =035 ##$$0010-061300000037035 =041 ##$$a Ind =082 ##$$a 92(Ronald reagan) =090 ##$$a 92(Ronald reagan), Mil s =100 ##$$a Milton, Joyce =245 ##$$a Siapakah ronal Reagan ?, Joyce Milton ; penerjemah, Ursula G Buditjahja ; editor, A. Ariobimo Nusantara =260 ##$$a 2007 $b Jakarta =300 ##$$a 115 hlm, ilus, 21 cm =650 ##$$a Biografi Ronal Reagen =700 ##$$a Buditjahja, Ursula G =850 ##$$a NBPNMAT